Pokémon - Pokémon Donjon Mystère : Explorateurs du Ciel - Statistiques

Statistiques générales
  • Ce quiz a été pris 44 fois
  • Le résultat moyen est 43 sur 50
Statistiques - réponses
Question Réponse % Correct
Qui est le Pokémon faisant des bulles sur la plage au crépuscule ?
96%
Qui est le bras droit de Grodoudou ?
96%
Qui est le premier Hors-la-loi que l'on doit arrêter ?
96%
Qui est la gardienne du Lac Souterrain ?
96%
Quel est le Pokémon qui accompagne Noctunoir lors de la capture de Massko ?
96%
De quel Pokémon Massko a-t-il besoin pour retourner dans le présent ?
96%
Qui est le Pokémon surnommé "L'ancien du Bourg" ?
96%
Quelle est la révélation de Noctunoir à son sujet et celui de Massko ? Ils viennent du futur
96%
Qui est l'acolyte de Massko ? Un humain
96%
Comment s'appelle le vaisseau nous transportant à la Tour du Temps ? Vaisseau Arc-En-Ciel
96%
Qui est le Pokémon attiré par le signal propagé depuis le symbole de la fresque ?
92%
Comment se nomme le portail en direction du présent ? Couloir du Temps
92%
Comment se nomme l'équipe de Moufflair, Smogo et Nosferapti ? Équipe Crâne
92%
Où s'installe-t-on à notre retour dans le présent ? Falaise Sharpedo
92%
Quelle est la punition que l'on reçoit pour avoir échouer au Bois aux Pommes ? Interdiction de dîner
92%
Quelle est la destination de l'expédition ? Lac des Brumes
92%
Comment se nomme le pouvoir du protagoniste ? Le Cri Dimensionnel
92%
« Un ! Sans travail pas de médaille ! Deux ! Les froussards au placard ! Trois ! Garde ??? pour réussir ! » le sourire
92%
Quel est l'état du monde de Massko et Noctunoir ? Le temps s'est arrêté
92%
Qui sont les Pokémon volant au-dessus du lac ? Muciole & Lumivole
92%
Quel est le nom des pommes préférées de Grodoudou ? Pomme Parfaite
92%
Qu'est-ce que l'on trouve au fond du Désert du Nord ? Sables mouvants
92%
Qui a été sélectionné pour participer à l'expédition ? Tout le monde
92%
Qui est le gérant du café au carrefour en bas de la Guilde ?
88%
Quel est le Pokémon que l'on affronte avant d'arriver au lac ?
88%
Comment s'appelle le village à l'ouest de la guilde ? Bourg-Trésor
88%
Où est-ce que Grodoudou a déjà vu le symbole du Fragment de Relique ? Caverne Saline
88%
Qui est le boss final ? Dialga Primal
88%
Quel donjon doit-on explorer en premier pour récupérer un Rouage du Temps ? Forêt Linceul
88%
Comment s'appelle le premier Donjon Mystère du jeu ? Grotte Littorale
88%
À la recherche de quel objet se lance Azurill & Marill ? Hydroflotteur
88%
Qui sont les Pokémon nous empêchant d'accéder à la salle du symbole ? Kabutops & Amonistar
88%
Quelle est l'origine de la Paralysie de la Planète ? L'effondrement de la Tour du Temps
88%
Quel est le sort que vous réserve Noctunoir ? Une exécution
88%
Qui est le Pokémon agressant Massko au fond du donjon Ruine Scellée ?
85%
Que se passe-t-il après le combat final ? Disparition du protagoniste
85%
Qui est le Pokémon mettant en doute le fait que Massko soit dans le camp du bien et Noctunoir soit dans le camp du mal ?
81%
Quel Pokémon n'est pas représenté sur les peintures rupestres dans les Ruines Anciennes ?
81%
De quelle couleur doivent être les cristaux pour aller au Lac Cristal ? Bleu
81%
Quelle mission nous confie Massko pendant qu'il se lance à la recherche des Rouages du Temps ? Trouver les Terres Illusoires
81%
Où faut-il insérer la Pierre-Sèche dans la statue pour dégager le brouillard ? Cœur
77%
Quelle horde de Pokémon vous attaque au fond des Plaines Elek ? Dynavolt & Elecsprint
77%
Quelle est la couleur du ciel au-dessus de la Tour du Temps ? Rouge
77%
Combien de Ténéfix accompagne Noctunoir lors de votre affrontement ? Six
77%
Quel est l'indice utilisé pour trouver la Caverne Cristal ? Un cristal
77%
Qu'est-ce qui se trouve au fond de la Grotte Cascade ? Une gemme énorme
77%
Quel Pokémon n'est pas jouable dans cette version ?
73%
Combien de Rouage du Temps Massko a-t-il volé avec celui de Créhelf ? Trois
50%
Quel est le titre du Chapitre 4 ? Les gardiens de l'entrée
38%
Quelle question ne fait pas partie du questionnaire déterminant notre Pokémon ? Ton portefeuille a disparu ! Que fais-tu ?
31%
Aucun quiz correspondant
Distribution des résultats
% des personnes avec chaque résultat
Percentile par nombre de réponses
Votre historique - résultats
Vous n’avez pas pris ce quiz